LEADER 01414nam0 22003733i 450 001 RAV0728357 005 20251003044330.0 010 $a8820501872 100 $a20100825d1983 ||||0itac50 ba 101 | $aita 102 $ait 181 1$6z01$ai $bxxxe 182 1$6z01$an 200 1 $aMicropaleontologia$fMaria Bianca Cita 205 $a3. ed. completamente rifatta 210 $aMilano$cCisalpino-Goliardica$d[1983] 215 $a458 p.$cill.$d24 cm. 517 1 $aMicro paleontologia.$9RAV0728413 606 $aMicropaleontologia$2FIR$3SBLC129085$9I 676 $a563$9INVERTEBRATI FOSSILI MARINI E COSTIERI VARI$v22 700 1$aCita$b, Maria Bianca$3LO1V029002$4070$076931 790 1$aCita$b, M. B.$3RT1V018641$zCita, Maria Bianca 790 1$aCita$b, Mariabianca$3RT1V018642$zCita, Maria Bianca 790 1$aCita Sironi$b, M. B.$3RT1V046694$zCita, Maria Bianca 790 1$aCita Sironi$b, Maria Bianca$3SBNV008789$zCita, Maria Bianca 801 3$aIT$bIT-000000$c20100825 850 $aIT-BN0095 $aIT-AV0007 901 $bNAP AV$cSEZ. M 3 $n$ 901 $bNAP 01$cSALA $n$ 912 $aRAV0728357 950 0$aBiblioteca Centralizzata di Ateneo$d 01SALA 563 CIT mi$e 0104 0000016825 VME 1 v.$fA $h20100825$i20100825 977 $a 01$a AV 996 $aMicropaleontologia$9108465 997 $aUNISANNIO